MARC details
| 000 -LEADER |
| campo de control de longitud fija |
01846nam a2200421 i 4500 |
| 001 - NÚMERO DE CONTROL |
| campo de control |
196161 |
| 003 - IDENTIFICADOR DE NÚMERO DE CONTROL |
| campo de control |
ES-MaACL |
| 005 - FECHA Y HORA DE LA ÚLTIMA TRANSACCIÓN |
| campo de control |
20250825062743.0 |
| 008 - DATOS DE LONGITUD FIJA--INFORMACIÓN GENERAL |
| campo de control de longitud fija |
240816s2022 sp a | |||| 000 0 spa |
| 015 ## - NÚMERO DE BIBLIOGRAFÍA NACIONAL |
| Número de bibliografía nacional |
MON22 |
| 017 ## - NÚMERO DE COPYRIGHT O DE DEPÓSITO LEGAL |
| Número de copyright o de depósito legal |
V 3309-2022 |
| Agencia que asigna |
Oficina Depósito Legal Valencia |
| 020 ## - NÚMERO INTERNACIONAL ESTÁNDAR DEL LIBRO |
| Número Internacional Estándar del Libro |
9788418598807 |
| 035 ## - NÚMERO DE CONTROL DEL SISTEMA |
| Número de control de sistema |
(SpMaBN)a7228666 |
| 035 ## - NÚMERO DE CONTROL DEL SISTEMA |
| Número de control de sistema |
991047100879708606 |
| 040 ## - FUENTE DE CATALOGACIÓN |
| Centro catalogador/agencia de origen |
SpMaBN |
| Lengua de catalogación |
spa |
| Centro/agencia transcriptor |
SpMaBN |
| Normas de descripción |
rda |
| 080 ## - NÚMERO DE LA CLASIFICACIÓN DECIMAL UNIVERSAL |
| Número de la Clasificación Decimal Universal |
929 Vilar Gallego, Lola |
| 080 ## - NÚMERO DE LA CLASIFICACIÓN DECIMAL UNIVERSAL |
| Número de la Clasificación Decimal Universal |
61 Vilar Gallego, Lola |
| 100 ## - ENTRADA PRINCIPAL--NOMBRE DE PERSONA |
| Nombre de persona |
Eltayeb Ferrer, Sara |
| 9 (RLIN) |
238402 |
| Término indicativo de función/relación |
Autor |
| 245 10 - MENCIÓN DEL TÍTULO |
| Título |
Dolores Vilar Gallego (1900-1992) y la Asociación Española de Mujeres Médicos / |
| Mención de responsabilidad, etc. |
Sara Eltayeb Ferrer, Carla P. Aguirre Marco, José L. Fresquet Febrer. |
| 264 #1 - PRODUCCIÓN, PUBLICACIÓN, DISTRIBUCIÓN, FABRICACIÓN Y COPYRIGHT |
| Producción, publicación, distribución, fabricación y copyright |
Valencia : |
| Nombre del de productor, editor, distribuidor, fabricante |
Neopàtria, |
| Fecha de producción, publicación, distribución, fabricación o copyright |
2022. |
| 300 ## - DESCRIPCIÓN FÍSICA |
| Extensión |
148 páginas : |
| Otras características físicas |
ilustraciones (blanco y negro) ; |
| Dimensiones |
23 cm. |
| 336 ## - TIPO DE CONTENIDO |
| Término de tipo de contenido |
Texto |
| -- |
Imagen fija |
| Fuente |
rdacontent |
| 337 ## - TIPO DE MEDIO |
| Nombre/término del tipo de medio |
sin mediación |
| Fuente |
rdamedia |
| 338 ## - TIPO DE SOPORTE |
| Nombre/término del tipo de soporte |
volumen |
| Fuente |
rdacarrier |
| 504 ## - NOTA DE BIBLIOGRAFÍA, ETC. |
| Nota de bibliografía, etc. |
Bibliografía: páginas 133-139 |
| 530 ## - NOTA DISPONIBLE DE FORMULARIO FÍSICO ADICIONAL |
| Nota de formato físico adicional disponible |
Versión digital disponible en: https://www.comv.es/wp-content/uploads/2022/11/LIBRO-DOLORES-VILAR-1.pdf |
| 600 #0 - PUNTO DE ACCESO ADICIONAL DE MATERIA--NOMBRE DE PERSONA |
| Nombre de persona |
Vilar Gallego, Lola, |
| Fechas asociadas al nombre |
1900-1992 |
| 9 (RLIN) |
238403 |
| 610 #0 - PUNTO DE ACCESO ADICIONAL DE MATERIA--NOMBRE DE ENTIDAD CORPORATIVA |
| Nombre de entidad corporativa o nombre de jurisdicción como elemento de entrada |
Asociación Española de Mujeres Médicos (Valencia) |
| 9 (RLIN) |
238404 |
| 655 #0 - TERMINO DE INDIZACIÓN--GENERO/FORMA |
| Datos o término principal de género/forma |
Biografías |
| 9 (RLIN) |
176647 |
| 700 ## - ENTRADA AGREGADA--NOMBRE PERSONAL |
| Nombre de persona |
Aguirre Marco, Carla P |
| 9 (RLIN) |
238405 |
| Término indicativo de función/relación |
Autor |
| 700 1# - ENTRADA AGREGADA--NOMBRE PERSONAL |
| Nombre de persona |
Fresquet Febrer, José Luis |
| 9 (RLIN) |
169967 |
| Término indicativo de función/relación |
Autor |
| 852 ## - LOCALIZACIÓN |
| Ubicación |
ES-MaACL |
| Sublocalización o colección |
R.153509 |
| Ubicación en estantería |
Depósito J |
| Número de control de estantería |
N-9229 |
| Donativo/Legado |
Donación: Editorial |
| Encuadernación |
Encuadernación rústica con solapas |
| itemnumber |
205189 |
| 856 4# - LOCALIZACIÓN Y ACCESO ELECTRÓNICOS |
| Estado de acceso |
Accesible a 5/5/2025 |
| Identificador Uniforme de Recursos |
<a href="https://www.comv.es/wp-content/uploads/2022/11/LIBRO-DOLORES-VILAR-1.pdf">https://www.comv.es/wp-content/uploads/2022/11/LIBRO-DOLORES-VILAR-1.pdf</a> |
| Texto de enlace |
Versión digital |
| 942 ## - ELEMENTOS DE ENTRADA SECUNDARIOS (KOHA) |
| Tipo de ítem Koha |
Libro impreso |
| Suprimir en OPAC |
No |